Best of Whispers,politics Family and Society (Record no. 257454)
[ view plain ]
| 000 -LEADER | |
|---|---|
| fixed length control field | 00378nam a22001457a 4500 |
| 003 - CONTROL NUMBER IDENTIFIER | |
| control field | OSt |
| 005 - DATE AND TIME OF LATEST TRANSACTION | |
| control field | 20190124111220.0 |
| 008 - FIXED-LENGTH DATA ELEMENTS--GENERAL INFORMATION | |
| fixed length control field | 190124b xxu||||| |||| 00| 0 eng d |
| 020 ## - INTERNATIONAL STANDARD BOOK NUMBER | |
| International Standard Book Number | 978-9966-028-80-8 |
| 040 ## - CATALOGING SOURCE | |
| Transcribing agency | n/a |
| 100 ## - MAIN ENTRY--PERSONAL NAME | |
| Personal name | Wahome Mutahi |
| 245 ## - TITLE STATEMENT | |
| Title | Best of Whispers,politics Family and Society |
| 260 ## - PUBLICATION, DISTRIBUTION, ETC. (IMPRINT) | |
| Place of publication, distribution, etc | Nairobi |
| Name of publisher, distributor, etc | Twaweza Communications |
| Date of publication, distribution, etc | 2018 |
| 942 ## - ADDED ENTRY ELEMENTS (KOHA) | |
| Source of classification or shelving scheme | Library of Congress Classification |
| Koha item type | Long Loan Books |
| Withdrawn status | Lost status | Source of classification or shelving scheme | Damaged status | Not for loan | Collection code | Home library | Current library | Shelving location | Date acquired | Total Checkouts | Full call number | Barcode | Date last seen | Date checked out | Price effective from | Koha item type |
|---|---|---|---|---|---|---|---|---|---|---|---|---|---|---|---|---|
| Library of Congress Classification | Non-fiction | Rongo University Library | Rongo University Library | General Stacks | 24/01/2019 | 3 | PN4726.M88 2018 | 201901566 | 23/07/2019 | 23/07/2019 | 24/01/2019 | Long Loan Books |
